Eastern Utah Libraries Catalog: Duchesne, Heber, Roosevelt, & Vernal

G.I. Joe. (Record no. 294887)

MARC details
000 -LEADER
fixed length control field 04357cgm a2200829Ma 4500
001 - CONTROL NUMBER
control field ocn898936226
003 - CONTROL NUMBER IDENTIFIER
control field OCoLC
005 - DATE AND TIME OF LATEST TRANSACTION
control field 20200320201416.0
007 - PHYSICAL DESCRIPTION FIXED FIELD--GENERAL INFORMATION
fixed length control field vd cvairq
008 - FIXED-LENGTH DATA ELEMENTS--GENERAL INFORMATION
fixed length control field 131213s2013 cau110 d vueng d
020 ## - INTERNATIONAL STANDARD BOOK NUMBER
Terms of availability 15.95
024 1# - OTHER STANDARD IDENTIFIER
Standard number or code 097363564140
035 ## - SYSTEM CONTROL NUMBER
System control number (OCoLC)898936226
040 ## - CATALOGING SOURCE
Original cataloging agency DEERP
Language of cataloging eng
Transcribing agency DEERP
Modifying agency OCLCO
-- OCLCF
-- OCLCA
-- OCL
-- OCLCO
-- OCLCQ
-- OCLCO
-- WACOL
049 ## - LOCAL HOLDINGS (OCLC)
Holding library WACL
092 ## - LOCALLY ASSIGNED DEWEY CALL NUMBER (OCLC)
Classification number DVD
Item number G.I.
245 00 - TITLE STATEMENT
Title G.I. Joe.
Remainder of title Retaliation /
Statement of responsibility, etc Paramount Pictures, Metro-Goldwyn-Mayer Pictures and Skydance Productions present, in association with Hasbro ; a di Bonaventura Pictures production ; produced by Lorenzo di Bonaventura, Brian Goldner ; written by Rhett Reese & Paul Wernick ; directed by Jon M. Chu. Director of photography, Stephen Windon ; edited by Roger Barton, Jim May ; music by Henry Jackman.
246 30 - VARYING FORM OF TITLE
Title proper/short title Retaliation
260 ## - PUBLICATION, DISTRIBUTION, ETC. (IMPRINT)
Place of publication, distribution, etc Hollywood, Calif. :
Name of publisher, distributor, etc Paramount Pictures,
Date of publication, distribution, etc 2013.
300 ## - PHYSICAL DESCRIPTION
Extent 1 videodisc (110 min.) :
Other physical details sound, color ;
Dimensions 4 3/4 in.
336 ## - Content Type
Content type term two-dimensional moving image
337 ## - Media type
Media type term video
338 ## - Carrier type
Carrier type term videodisc
500 ## - GENERAL NOTE
General note Based on Hasbro's G.I. Joe characters.
500 ## - GENERAL NOTE
General note Videodisc release of the 2013 motion picture.
511 0# - PARTICIPANT OR PERFORMER NOTE
Participant or performer note Jonathan Pryce, Byung-Hun Lee, Dwayne Johnson, Channing Tatum, Bruce Willis, Adrianne Palicki, Ray Stevenson.
520 ## - SUMMARY, ETC.
Summary, etc An elite military unit, comprised of special operatives known as G.I. Joe, has been set up to take the fall for a terrible crime they didn't commit. Now, Roadblock, Duke, and the others must once again face their mortal enemy, COBRA, as well as dangerous new threats operating within the government. When all else fails, one option remains: Retaliation.
521 ## - TARGET AUDIENCE NOTE
Target audience note Audience: MPAA rating: PG-13; for intense sequences of combat violence and martial arts action throughout, and for brief sensuality and language.
538 ## - SYSTEM DETAILS NOTE
System details note DVD, region 1; widescreen presentation; Dolby Digital 5.1.
546 ## - LANGUAGE NOTE
Language note English; English, dubbed French or dubbed Spanish dialogue; optional Spanish, Portuguese, French or English subtitles; closed-captioned; English audio description.
650 #0 - SUBJECT ADDED ENTRY--TOPICAL TERM
Topical term or geographic name as entry element Soldiers
Form subdivision Drama.
9 (RLIN) 5765342
650 #0 - SUBJECT ADDED ENTRY--TOPICAL TERM
Topical term or geographic name as entry element Commando troops
Form subdivision Drama.
9 (RLIN) 5925101
650 #0 - SUBJECT ADDED ENTRY--TOPICAL TERM
Topical term or geographic name as entry element G.I. Joe (Fictitious character)
Form subdivision Drama.
9 (RLIN) 5925102
650 #0 - SUBJECT ADDED ENTRY--TOPICAL TERM
Topical term or geographic name as entry element Heroes
Form subdivision Drama.
9 (RLIN) 5708948
650 #0 - SUBJECT ADDED ENTRY--TOPICAL TERM
Topical term or geographic name as entry element Enemies
Form subdivision Drama.
9 (RLIN) 5741551
650 #0 - SUBJECT ADDED ENTRY--TOPICAL TERM
Topical term or geographic name as entry element Feature films.
9 (RLIN) 5925103
650 #0 - SUBJECT ADDED ENTRY--TOPICAL TERM
Topical term or geographic name as entry element Action and adventure films.
9 (RLIN) 78765
650 #0 - SUBJECT ADDED ENTRY--TOPICAL TERM
Topical term or geographic name as entry element Science fiction films.
9 (RLIN) 91086
650 #7 - SUBJECT ADDED ENTRY--TOPICAL TERM
Topical term or geographic name as entry element Action and adventure films.
Source of heading or term fast
-- (OCoLC)fst01721067
9 (RLIN) 78765
650 #7 - SUBJECT ADDED ENTRY--TOPICAL TERM
Topical term or geographic name as entry element Commando troops.
Source of heading or term fast
-- (OCoLC)fst00869242
9 (RLIN) 5925104
650 #7 - SUBJECT ADDED ENTRY--TOPICAL TERM
Topical term or geographic name as entry element Enemies.
Source of heading or term fast
-- (OCoLC)fst01735610
9 (RLIN) 5760990
650 #7 - SUBJECT ADDED ENTRY--TOPICAL TERM
Topical term or geographic name as entry element Feature films.
Source of heading or term fast
-- (OCoLC)fst00922105
9 (RLIN) 5925103
600 07 - SUBJECT ADDED ENTRY--PERSONAL NAME
Personal name G.I. Joe
Titles and other words associated with a name (Fictitious character)
Source of heading or term fast
-- (OCoLC)fst01762442
9 (RLIN) 5925105
650 #7 - SUBJECT ADDED ENTRY--TOPICAL TERM
Topical term or geographic name as entry element Heroes.
Source of heading or term fast
-- (OCoLC)fst00955558
9 (RLIN) 5925106
650 #7 - SUBJECT ADDED ENTRY--TOPICAL TERM
Topical term or geographic name as entry element Science fiction films.
Source of heading or term fast
-- (OCoLC)fst01108616
9 (RLIN) 91086
650 #7 - SUBJECT ADDED ENTRY--TOPICAL TERM
Topical term or geographic name as entry element Soldiers.
Source of heading or term fast
-- (OCoLC)fst01125233
9 (RLIN) 5925107
650 #7 - SUBJECT ADDED ENTRY--TOPICAL TERM
Topical term or geographic name as entry element Video recordings for people with visual disabilities.
Source of heading or term fast
-- (OCoLC)fst01166512
9 (RLIN) 100347
650 #7 - SUBJECT ADDED ENTRY--TOPICAL TERM
Topical term or geographic name as entry element Video recordings for the hearing impaired.
Source of heading or term fast
-- (OCoLC)fst01166513
9 (RLIN) 5925108
655 #7 - INDEX TERM--GENRE/FORM
Genre/form data or focus term Drama.
Source of term fast
-- (OCoLC)fst01423879
9 (RLIN) 5673873
700 1# - ADDED ENTRY--PERSONAL NAME
Personal name Chu, Jon M.
Fuller form of name (Jon Murray),
Dates associated with a name 1979-
9 (RLIN) 5775193
700 1# - ADDED ENTRY--PERSONAL NAME
Personal name Di Bonaventura, Lorenzo.
9 (RLIN) 56219
700 1# - ADDED ENTRY--PERSONAL NAME
Personal name Reese, Rhett.
9 (RLIN) 71301
700 1# - ADDED ENTRY--PERSONAL NAME
Personal name Wernick, Paul.
9 (RLIN) 5925109
700 1# - ADDED ENTRY--PERSONAL NAME
Personal name Windon, Stephen F.
9 (RLIN) 71318
700 1# - ADDED ENTRY--PERSONAL NAME
Personal name Barton, Roger.
9 (RLIN) 5925110
700 1# - ADDED ENTRY--PERSONAL NAME
Personal name May, Jim.
9 (RLIN) 5912329
700 1# - ADDED ENTRY--PERSONAL NAME
Personal name Jackman, Henry
Fuller form of name (Henry Pryce)
9 (RLIN) 5710731
700 1# - ADDED ENTRY--PERSONAL NAME
Personal name Pryce, Jonathan.
9 (RLIN) 18760
700 1# - ADDED ENTRY--PERSONAL NAME
Personal name Yi, Pyŏng-hŏn,
Dates associated with a name 1970-
9 (RLIN) 5925111
700 1# - ADDED ENTRY--PERSONAL NAME
Personal name Johnson, Dwayne,
Dates associated with a name 1972-
9 (RLIN) 5856300
700 1# - ADDED ENTRY--PERSONAL NAME
Personal name Willis, Bruce,
Dates associated with a name 1955-
9 (RLIN) 24916
700 1# - ADDED ENTRY--PERSONAL NAME
Personal name Tatum, Channing.
9 (RLIN) 72144
710 2# - ADDED ENTRY--CORPORATE NAME
Corporate name or jurisdiction name as entry element Hasbro, Inc.
9 (RLIN) 34812
710 2# - ADDED ENTRY--CORPORATE NAME
Corporate name or jurisdiction name as entry element Di Bonaventura Pictures.
9 (RLIN) 5754442
710 2# - ADDED ENTRY--CORPORATE NAME
Corporate name or jurisdiction name as entry element Paramount Pictures Corporation.
9 (RLIN) 7712
710 2# - ADDED ENTRY--CORPORATE NAME
Corporate name or jurisdiction name as entry element Metro-Goldwyn-Mayer Pictures.
9 (RLIN) 72991
710 2# - ADDED ENTRY--CORPORATE NAME
Corporate name or jurisdiction name as entry element Skydance Productions.
9 (RLIN) 61255
942 ## - ADDED ENTRY ELEMENTS (KOHA)
Koha item type DVD
948 ## - LOCAL PROCESSING INFORMATION (OCLC); SERIES PART DESIGNATOR (RLIN)
Series part designator, SPT (RLIN) 11/07/2016
z (OCLC) Sirsi
994 ## -
-- C0
-- WACOL
996 ## -
-- 135927
-- 34301001366337
-- DVD
-- DVD
-- wcl
-- i
-- 34
-- 15.95
-- amazon
-- G.I.
-- 11/07/2016
-- 02/03/2020
-- 01/30/2020
Holdings
Withdrawn status Lost status Source of classification or shelving scheme Damaged status Not for loan Collection code Home library Current library Shelving location Date acquired Source of acquisition Cost, normal purchase price Total Checkouts Total Renewals Full call number Barcode Date last seen Date checked out Cost, replacement price Price effective from Koha item type
    Dewey Decimal Classification     Movies Wasatch County Library Wasatch County Library Audio Visual Area 11/07/2016 Amazon 15.95 44 9 Movie G.I. Joe 34301002111468 02/11/2026 02/03/2026 15.95 03/20/2020 DVD
This project was made possible through a grant from the Institute of Museum and Library Service administered by the Utah State Library Division.

Wasatch County Library

  • 465 East 1200 South, Heber City, Utah 84032
  • Phone 435-654-1511 | Fax 435-654-6456

Hours

  • Monday - Friday 9:30 AM - 8:00 PM
  • Saturday 9:30 AM - 1:30 PM
  • Closed Sundays and Holidays